000
00283nam a2200109Ia 4500
008
171211s9999 xx 000 0 und d
245
_a
Drawing the Human Head
245
_c
Burne Hogarth
260
_c
2004
650
_x
Design
856
_u
http://down.ebook777.com/060/0823013766.pdf
999
_c
347943
_d
347943